| 000 | 00398nam a22001457a 4500 | ||
|---|---|---|---|
| 008 | 250220b |||||||| |||| 00| 0 eng d | ||
| 020 | _a0876921624 | ||
| 050 |
_aHD20.5 _b.W34 |
||
| 100 | _aWAGNER, M. Harvey | ||
| 245 | _aPrinciple of Operations Research: With Application to Managerial Decision | ||
| 250 | _a2nd | ||
| 260 |
_aU.S.A _bPrentice Hall Inc. _c1989 |
||
| 300 | _axii, Nil | ||
| 942 | _cBK | ||
| 999 |
_c2002 _d2002 |
||